| 000 | 02498nam a22002297a 4500 | ||
|---|---|---|---|
| 999 |
_c65720 _d65720 |
||
| 005 | 20240530110840.0 | ||
| 008 | 191223s ua a f 000 0 ara d | ||
| 017 |
_a2000/15118 _bمصر. دار الكتب |
||
| 020 | _a7772363011 | ||
| 040 |
_aEG-CaGPL _cEG-CaGPL |
||
| 082 | 0 | 4 |
_221 _a920.72 _bق/أ أ |
| 100 | 0 | _aاحمد رجائى | |
| 245 | 1 | 0 |
_a1000 شخصية نسائية مصرية / _cتاليف احمد رجائى |
| 260 | _aالقاهرة : | ||
| 300 |
_a214 ص. : _bايض. ؛ _c24 سم . |
||
| 490 | _aسلسلة الموسوعة . | ||
| 650 | 0 | 7 |
_2qrmak _aالنساء فى مصر _zمصر مصر |
| 651 | _2qrmak | ||
| 653 | _aشخصيات نسائية | ||
| 942 |
_2ddc _cBK |
||